000
00269nam a2200109Ia 4500
008
220204s9999 xx 000 0 und d
082
_a
001.891
_b
EUR
245
0
_a
European research index. V 1
250
_a
Ed.3
260
_a
Channel
_b
Francis Hodgson
_c
1973
942
_c
BK
999
_c
23378
_d
23378